000 00826nam a2200241 a 4500
005 20180803165105.0
008 140311b19992000caua||||r|||| 00| 0 eng d
040 _aCO-BoIAVH
_cCO-BoIAVH
041 0 _aeng
044 _axxu
082 0 4 _a005.3762
_bI58a
110 2 _aInprise Corporation
245 1 0 _aInprise application server /
260 _aScotts Valley :
_bInprise Corporation,
_c1999-2000.
300 _a2 volúmenes :
_bilustraciones ;
_c23 x 18 cm.
505 0 _aVol. 1: Enterprise javabeans, programmer's guide
505 0 _aVol. 2: User's guide
650 2 6 _aJava (Lenguaje de programación)
_vManuales
650 2 4 _aInprise application server
_vManuales
650 2 4 _aServidores de red
_vManuales
650 2 4 _aServidores de red
_xtransacciones
942 _cLIBRO
_2ddc
999 _c3454
_d3454